El dibujo tecnico mecanico/ (Registro nro. 8809)

Detalles MARC
000 -LEADER
fixed length control field 00695nam a2200181Ia 4500
005 - FECHA Y HORA DE LA ÚLTIMA TRANSACCIÓN
control field 20230809165035.0
008 - FIXED-LENGTH DATA ELEMENTS--GENERAL INFORMATION
fixed length control field 230809s9999 xx 000 0 und d
040 ## - CATALOGING SOURCE
Original cataloging agency UPAN
Transcribing agency Biblioteca San Vicente
Description conventions RCAA2
041 ## - LANGUAGE CODE
Language code of text/sound track or separate title spa
082 ## - DEWEY DECIMAL CLASSIFICATION NUMBER
Classification number 604.2
Item number S773d
año de publicación 1987
100 ## - MAIN ENTRY--PERSONAL NAME
Personal name Straneo, S.L
Relator code aut.
245 #0 - TITLE STATEMENT
Title El dibujo tecnico mecanico/
Remainder of title S.L. Straneo
260 ## - PUBLICATION, DISTRIBUTION, ETC. (IMPRINT)
Place of publication, distribution, etc S.L:
Name of publisher, distributor, etc MS,
300 ## - PHYSICAL DESCRIPTION
Extent 771 p.;
505 ## - FORMATTED CONTENTS NOTE
Formatted contents note Parte primera. Generalidades<br/>Parte segunda. Dibujo técnico mecánico <br/>Parte tercera. Materiales empleados en las construcciones mecánicas <br/>Parte cuarta. Repaso de mecánica<br/>Parte quinta. Tablas numéricas y de materiales<br/>
650 ## - SUBJECT ADDED ENTRY--TOPICAL TERM
Source of heading or term LEMB
General subdivision Dibujo técnico
942 ## - ADDED ENTRY ELEMENTS (KOHA)
Koha item type Libros
Source of classification or shelving scheme Dewey Decimal Classification
Existencias
Withdrawn status Lost status Source of classification or shelving scheme Damaged status Not for loan Collection code Home library Current library Date acquired Total Checkouts Full call number Barcode Date last seen Copy number Price effective from Koha item type
    Dewey Decimal Classification     Colección General Biblioteca UPAN San Vicente Biblioteca UPAN San Vicente 09/08/2023   604.2 S773d 12001541 09/08/2023 01 09/08/2023 Libros